Pepole's Linguistic Survey of India: Languages of Goa, Vol 8 Part II (Record no. 176492)

MARC details
000 -LEADER
fixed length control field 00753nam a22002057a 4500
005 - DATE AND TIME OF LATEST TRANSACTION
control field 20210104122041.0
010 ## - LCCN (DPL NO)
LC control number ENG-128720
020 ## - INTERNATIONAL STANDARD BOOK NUMBER
International Standard Book Number 978-93-5287-548-1
Terms of availability 1695.00
035 ## - SYSTEM CONTROL NUMBER
System control number EN-112252
037 ## - SOURCE OF ACQUISITION
Source of stock number/acquisition DBAD/PUB
082 ## - DEWEY DECIMAL CLASSIFICATION NUMBER
Classification number 491.4
245 ## - TITLE STATEMENT
Title Pepole's Linguistic Survey of India: Languages of Goa, Vol 8 Part II
Statement of responsibility, etc Edited by G. N. Devy, Madhavi Sardesai and Damodar Mauzo
260 ## - PUBLICATION, DISTRIBUTION, ETC. (IMPRINT)
Place of publication, distribution, etc Telangana
Name of publisher, distributor, etc Orient Blackswan Private Limited
Date of publication, distribution, etc 2019
270 ## - ADDRESS
City Telangana
Postal code 500029
Address 3-6-752, Himayatnagar, Hyderabad
Electronic mail address info@orientblackswan.com
300 ## - PHYSICAL DESCRIPTION
Extent xlvi+274p.
Dimensions 25cm(hbk)
Other physical details including index.
700 ## - ADDED ENTRY--PERSONAL NAME
Personal name Devy, G. N., Ed.
700 ## - ADDED ENTRY--PERSONAL NAME
Personal name Sardesai, Madhavi ,Ed.
700 ## - ADDED ENTRY--PERSONAL NAME
Personal name Mauzo, Damodar, Ed.
942 ## - ADDED ENTRY ELEMENTS (KOHA)
Source of classification or shelving scheme Dewey Decimal Classification
Item type English Books
Classification part 491.4
Call number suffix PEO
Holdings
Withdrawn status Lost status Not for loan Collection code Home library Current library Date acquired Source of acquisition Cost, normal purchase price Full call number Barcode Copy number Cost, replacement price Koha item type
      Non-fiction Central Library Central Library 04/01/2021 DBAD/PUB 1695.00 491.4 PEO EN-112252 1 1695.00 English Books

© Delhi Public Library
Hit Counter
free hit counter